Plnting techniques and rubber of oil plamin the estate of mong rethty investment vcambodia iol palm co.,LTD.(បច្ចេលទេសដាំដុះនិងថែទាំដំណាំដូងប្រេងនៅការដ្ឋានរបស់ក្រុនហ៊ុន ម៉ុង រិទ្ធី វិនិយោគទុនដំណាំដូងប្រេងកម្ពុជា). (Record no. 593)
[ view plain ]
| 000 -LEADER | |
|---|---|
| fixed length control field | 00771nam a22001577a 4500 |
| 003 - CONTROL NUMBER IDENTIFIER | |
| control field | OSt |
| 005 - DATE AND TIME OF LATEST TRANSACTION | |
| control field | 20150916165402.0 |
| 008 - FIXED-LENGTH DATA ELEMENTS--GENERAL INFORMATION | |
| fixed length control field | 150916b xxu||||| |||| 00| 0 eng d |
| 040 ## - CATALOGING SOURCE | |
| Transcribing agency | RUA |
| 082 ## - DEWEY DECIMAL CLASSIFICATION NUMBER | |
| Classification number | AGR SEN 1999 BOO25 Or.1 |
| 100 ## - MAIN ENTRY--PERSONAL NAME | |
| 9 (RLIN) | 617 |
| Personal name | SEANG , SAMNANG |
| 245 ## - TITLE STATEMENT | |
| Title | Plnting techniques and rubber of oil plamin the estate of mong rethty investment vcambodia iol palm co.,LTD.(បច្ចេលទេសដាំដុះនិងថែទាំដំណាំដូងប្រេងនៅការដ្ឋានរបស់ក្រុនហ៊ុន ម៉ុង រិទ្ធី វិនិយោគទុនដំណាំដូងប្រេងកម្ពុជា). |
| 260 ## - PUBLICATION, DISTRIBUTION, ETC. (IMPRINT) | |
| Place of publication, distribution, etc. | PHNOM PHEN |
| Name of publisher, distributor, etc. | RUA |
| Date of publication, distribution, etc. | 1999 |
| 300 ## - PHYSICAL DESCRIPTION | |
| Extent | 57p. |
| Other physical details | ill. |
| Dimensions | 29cm. |
| 942 ## - ADDED ENTRY ELEMENTS (KOHA) | |
| Source of classification or shelving scheme | |
| Koha item type | AGR |
| Price effective from | Date last seen | Permanent Location | Not for loan | Date acquired | Source of classification or shelving scheme | Koha item type | Lost status | Withdrawn status | Copy number | Total Renewals | Date last checked out | Total Checkouts | Shelving location | Damaged status | Barcode | Current Location | Full call number |
|---|---|---|---|---|---|---|---|---|---|---|---|---|---|---|---|---|---|
| 2015-09-16 | 2018-11-13 | Library Block B | 2015-09-16 | AGR | 1 | 2018-10-22 | 8 | B025 | RUA004154 | Library Block B | AGR SEA 1999 BOO25 Or.1 | ||||||
| 2015-09-16 | 2024-05-30 | Library Block B | 2015-09-16 | AGR | 2024-05-06 | 4 | B025 | RUA004082 | Library Block B | AGR SEA1999 BOO25 Or.2 | |||||||
| 2015-09-16 | 2022-01-12 | Library Block B | 2015-09-16 | AGR | 2022-01-04 | 6 | B025 | RUA004081 | Library Block B | AGR SEA 1999 BOO25 Or.3 | |||||||
| 2015-09-27 | 2018-11-05 | Library Block B | 2015-09-27 | AGR | RUA018782 | 2018-11-02 | 2 | B025 | RUA018782 | Library Block B | AGR SEA 1999 B025 Or.4 |